01226nab a2200205 i 4500001000400000003000400004005001700008008003900025040000800064080000800072080001300080100014800093245022400241260001000465500002100475520022600496650001700722700014500739773013600884BPPBPK20140909130900.0140909s2011 pl n f |000 0pol cBPK a664 a648.1/.2 aMIERZEJEWSKA, Sylwia.d2005 - .bPolitechnika Koszalińska - Wydział Mechaniczny,cKatedra Procesów i Urządzeń Przemysłu Spożywczego aWpływ czynników mechanicznych na skuteczność mycia rurociągu metodą CIP =bInfluence of mechanical factors on the cleaning offectiveness on the pipeline in CIP method /cSylwia Mierzejewska, Jarosław Diakun. c2011. aDane z autopsji. aPrzedstawiono prezentację uzyskanych wyników pracy badawczej dotyczącej wpływu czynników hydromechanicznych na skuteczność usuwania osadów w procesie mycia instalacji w systemie CIP w branży mleczarskiej. 0aRurociągi. aDIAKUN, Jarosław.d1996 - .bPolitechnika Koszalińska - Wydział Mechaniczny,cKatedra Procesów i Urządzeń Przemysłu Spożywczego iW :tPostępy Techniki Przetwórstwa Spożywczego = Technological Progress in Food Processing. -gT. 22/40, 2012, nr 1, s. 66-69